Normal view MARC view
  • Arte de escribir

Entry Materia

Number of records used in: 43

001 - NÚMERO DE CONTROL DEL REGISTRO

  • campo de control: 2551

003 - IDENTIFICADOR DE NUMERO DE CONTROL

  • campo de control: UPN

005 - FECHA Y HORA DE LA ÚLTIMA TRANSACCIÓN

  • campo de control: 20230120101753.0

008 - DATOS DE LONGITUD FIJA

  • campo de control de longitud fija: nabaccnnaabn|||||||||| b |nc|||||d

035 ## - NÚMERO DE CONTROL DEL SISTEMA

  • Número de control del sistema: UPN10000002551

040 ## - FUENTE DE LA CATALOGACIÓN

  • Lengua de catalogación: SPA
  • Agencia de transcripción: UPN
  • Centro catalogador de origen: UPN

046 ## - FECHAS CON CODIFICACIÓN ESPECIAL

  • Fecha final para contenidos agregados: 200123

150 ## - ENCABEZAMIENTO - TEMÁTICO

  • Término de materia o nombre geográfico como elemento inicial: Arte de escribir

450 ## - VÉASE - MATERIA

  • Encabezamiento temático: Autoría

670 ## - FUENTE EN LA QUE SE LOCALIZARON DATOS

  • Cita de la fuente: E/P

680 ## - NOTA GENERAL CON DESPLIEGUE PÚBLICO

  • Texto explicativo: Aquí se asientan las guías que tratan del arte de escribir en general. Las guías en campo específicos se asientan bajo términos apropiados de uso común. Ej.:
  • Encabezamiento: DRAMATICA ; ESCRITURA TECNICA
  • Texto explicativo: o bien bajo el nombre del género o asunto con subdivisión de
  • Encabezamiento: ARTE DE ESCRIBIR.
  • Texto explicativo: Ej.:
  • Encabezamiento: POESIA - ARTE DE ESCRIBIR ; SOCIOLOGIA - ARTE DE ESCRIBIR

902 ## - CATALOGADOR

  • Catalogador: MEEG/110997